| 000 | 01043cam a22003253a 4500 | ||
|---|---|---|---|
| 001 | 14018 | ||
| 003 | PGUSA | ||
| 005 | 20140828083312.0 | ||
| 008 | 041111s2004||||xxu|||||s|||||000 1 eng d | ||
| 040 |
_aPGUSA _beng |
||
| 042 | _adc | ||
| 050 | 4 | _aPZ | |
| 100 | 1 |
_aRichards, Laura Elizabeth Howe, _d1850-1943 |
|
| 245 | 1 | 0 |
_aMarie _h[electronic resource] / _cLaura Elizabeth Howe Richards |
| 260 |
_bProject Gutenberg, _c2004 |
||
| 506 | _aPublic domain in the USA. | ||
| 516 | _aElectronic text | ||
| 653 | _aStreet entertainers -- Juvenile fiction | ||
| 653 | _aOrphans -- Juvenile fiction | ||
| 653 | _aMusicians -- Juvenile fiction | ||
| 653 | _aKindness -- Juvenile fiction | ||
| 653 | _aMaine -- Juvenile fiction | ||
| 653 | _aMarriage -- Juvenile fiction | ||
| 653 | _aConduct of life -- Juvenile fiction | ||
| 653 | _aYouth -- Conduct of life -- Juvenile fiction | ||
| 653 | _aHuguenots -- Juvenile fiction | ||
| 830 | 0 |
_aProject Gutenberg _v14018 |
|
| 856 | 4 | 0 | _uhttp://www.gutenberg.org/ebooks/14018 |
| 942 | _cEB | ||
| 999 |
_c243273 _d243273 |
||